000 00540nam a22001937a 4500
005 20251108164359.0
008 250721s1999 xx 000 0 ara d
082 1 4 _a370/طرا
100 1 _aالطراونة، أخليف يوسف
245 1 0 _aمبادىء التربية و أسسها /
264 1 _aالكرك :
_bمكتبة ابن خلدون،
_c1999.
300 _a256ص
650 1 7 _aالتربية
650 1 7 _aالتدريس
650 1 7 _aالثقافة
650 1 7 _aالمدارس
942 _2ddc
_cBK
999 _c10760
_d10760